[Event "Sao Bento do Sul op 4th"]
[Site "Sao Bento do Sul"]
[Date "2020.11.02"]
[Round "6"]
[White "Campagnolo, Fabiola"]
[Black "Krul, Clemerson Alexandre"]
[Result "1/2-1/2"]
[WhiteElo "1793"]
[BlackElo "1604"]
[PlyCount "80"]
[EventDate "2020.10.31"]
[EventType "swiss"]
[EventRounds "6"]
[EventCountry "BRA"]
[SourceTitle "EXT 2022"]
[Source "ChessBase"]
[SourceDate "2021.10.06"]
[SourceVersion "1"]
[SourceVersionDate "2021.10.06"]
[SourceQuality "1"]

1. d4 Nf6 2. c4 e6 3. a3 b6 4. Nc3 Bb7 5. Nf3 Be7 6. Qc2 0-0 7. e3 d5 8. cxd5 exd5 9. e4 Nfd7 10. Bd3 h6 11. b4 c5 12. bxc5 bxc5 13. dxc5 Nxc5 14. Rb1 Nxd3+ 15. Qxd3 Qd7 16. 0-0 Na6 17. Rd1 Rfd8 18. Nd4 Nc5 19. Qg3 Kh7 20. Qf3 Bf8 21. Bf4 Ne6 22. Bg3 Nxd4 23. Rxd4 Bc6 24. Qd3 Kh8 25. Rd1 Bc5 26. e5 Qe6 27. Rh4 d4 28. Ne4 Qd5 29. f3 Be7 30. Nf6 Bxf6 31. exf6 Qe6 32. fxg7+ Kg8 33. Bf4 Qg6 34. Bxh6 Qxd3 35. Rxd3 Rab8 36. Rhxd4 Re8 37. Kf2 Rb2+ 38. Kg3 Kh7 39. Rh4 Rb5 40. Rd6 Bd5 1/2-1/2

[Event "Sao Bento do Sul op 4th"]
[Site "Sao Bento do Sul"]
[Date "2020.10.31"]
[Round "3"]
[White "Krul, Clemerson Alexandre"]
[Black "Peroza, Eduardo Antunes"]
[Result "1-0"]
[WhiteElo "1604"]
[BlackElo "1830"]
[PlyCount "61"]
[EventDate "2020.10.31"]
[EventType "swiss"]
[EventRounds "6"]
[EventCountry "BRA"]
[SourceTitle "EXT 2022"]
[Source "ChessBase"]
[SourceDate "2021.10.06"]
[SourceVersion "1"]
[SourceVersionDate "2021.10.06"]
[SourceQuality "1"]

1. d4 Nf6 2. c4 e6 3. Nc3 Bb4 4. Bg5 c5 5. d5 Bxc3+ 6. bxc3 d6 7. Nf3 e5 8. e3 Qa5 9. Qc2 Ne4 10. Rc1 Nxg5 11. Nxg5 h6 12. Ne4 Qc7 13. Ng3 0-0 14. Bd3 Qd7 15. e4 g6 16. Qd2 Kg7 17. 0-0 Qe7 18. f4 exf4 19. Rxf4 Nd7 20. Rcf1 Ne5 21. Be2 Bd7 22. Qe3 a6 23. Qf2 b5 24. Rf6 bxc4 25. Qf4 Kh7 26. Qh4 Rab8 27. Nf5 Bxf5 28. exf5 Nd7 29. fxg6+ fxg6 30. Rxf8 Qe3+ 31. Qf2 1-0

[Event "Sao Bento do Sul op 4th"]
[Site "Sao Bento do Sul"]
[Date "2020.10.31"]
[Round "2"]
[White "Viliczinski, Maria Luiza"]
[Black "Krul, Clemerson Alexandre"]
[Result "0-1"]
[WhiteElo "1103"]
[BlackElo "1604"]
[PlyCount "42"]
[EventDate "2020.10.31"]
[EventType "swiss"]
[EventRounds "6"]
[EventCountry "BRA"]
[SourceTitle "EXT 2022"]
[Source "ChessBase"]
[SourceDate "2021.10.06"]
[SourceVersion "1"]
[SourceVersionDate "2021.10.06"]
[SourceQuality "1"]

1. d4 Nf6 2. c4 e6 3. Bf4 b6 4. Nc3 Bb4 5. Qc2 Bb7 6. e3 0-0 7. Bd3 Bxg2 8. Nge2 Bxh1 9. 0-0-0 Bf3 10. Rg1 Nc6 11. Rg3 Bh5 12. Ne4 Nxe4 13. Bxe4 Bg6 14. Bxg6 fxg6 15. Bg5 Be7 16. Bxe7 Qxe7 17. Rh3 Rxf2 18. b4 Qxb4 19. Qc3 Rxe2 20. Qxb4 Nxb4 21. a3 Rf8 0-1

[Event "BRA-ch U14"]
[Site "Brasilia"]
[Date "2017.04.23"]
[Round "6"]
[White "Krul, Clemerson Alexandre"]
[Black "Hopka, Matheus Marchesi"]
[Result "1/2-1/2"]
[WhiteElo "1897"]
[BlackElo "1570"]
[PlyCount "148"]
[EventDate "2017.04.21"]
[EventType "swiss"]
[EventRounds "6"]
[EventCountry "BRA"]
[SourceTitle "CBM 177 Extra"]
[Source "ChessBase"]
[SourceDate "2017.04.27"]
[SourceVersion "1"]
[SourceVersionDate "2017.04.27"]
[SourceQuality "1"]

1. d4 Nf6 2. Nf3 d5 3. Bg5 g6 4. e3 Bg7 5. Be2 0-0 6. 0-0 Nbd7 7. Nbd2 h6 8. Bf4 Re8 9. c4 c6 10. Qc2 Nh5 11. cxd5 Nxf4 12. exf4 cxd5 13. Nb3 Nf8 14. Bd3 Bg4 15. Ne5 Rc8 16. Qd2 Bxe5 17. fxe5 Kg7 18. h3 Bd7 19. Rac1 Bc6 20. Rfe1 e6 21. Rc2 Qb6 22. Rec1 Qd8 23. Na5 Qd7 24. Qb4 Rb8 25. a4 Qe7 26. Qc3 Bxa4 27. b3 Bd7 28. Qc5 Qxc5 29. dxc5 Bc6 30. b4 Rec8 31. Rb2 a6 32. f4 Ra8 33. Kf2 Nd7 34. Rbc2 g5 35. g3 f6 36. exf6+ Nxf6 37. Re2 gxf4 38. Rxe6 fxg3+ 39. Kxg3 Rg8 40. Kf2 Bd7 41. Re3 Bc6 42. Nxc6 bxc6 43. Rg1+ Kf7 44. Rxg8 Nxg8 45. Re2 a5 46. Ra2 a4 47. b5 cxb5 48. Bxb5 a3 49. c6 Ne7 50. c7 Nc8 51. Bc6 Ra7 52. Bxd5+ Ke7 53. Rc2 Kd7 54. Kg3 Rxc7 55. Rxc7+ Kxc7 56. Kg4 Nb6 57. Bb3 Kd6 58. Kh5 Na4 59. Kxh6 Nc3 60. Kg6 Nd1 61. h4 Kc5 62. h5 Kb4 63. Ba2 Nc3 64. h6 Nxa2 65. h7 Nc3 66. h8Q a2 67. Qd4+ Kb3 68. Qa7 Kb2 69. Qb6+ Kc2 70. Qf2+ Kb1 71. Qe1+ Kb2 72. Qd2+ Kb1 73. Qxc3 a1Q 74. Qxa1+ Kxa1 1/2-1/2

[Event "BRA-ch U14"]
[Site "Brasilia"]
[Date "2017.04.22"]
[Round "3"]
[White "Krul, Clemerson Alexandre"]
[Black "Ribeiro, Otavio Alves"]
[Result "1-0"]
[WhiteElo "1897"]
[BlackElo "1479"]
[PlyCount "63"]
[EventDate "2017.04.21"]
[EventType "swiss"]
[EventRounds "6"]
[EventCountry "BRA"]
[SourceTitle "CBM 177 Extra"]
[Source "ChessBase"]
[SourceDate "2017.04.27"]
[SourceVersion "1"]
[SourceVersionDate "2017.04.27"]
[SourceQuality "1"]

1. d4 d5 2. Nf3 Nf6 3. Bg5 Nbd7 4. e3 e6 5. Nbd2 Be7 6. Bd3 c6 7. 0-0 0-0 8. c4 h6 9. Bf4 Re8 10. h3 Qb6 11. Qc2 c5 12. b3 cxd4 13. exd4 dxc4 14. Nxc4 Qc6 15. Rac1 Rd8 16. Qe2 Qd5 17. Ne3 Qa5 18. Bc7 b6 19. Bxd8 Bxd8 20. Nc4 Qd5 21. Nce5 Nxe5 22. dxe5 Bb7 23. exf6 Bxf6 24. Rfe1 Bg5 25. Be4 Qxe4 26. Qxe4 Bxe4 27. Nxg5 hxg5 28. Rxe4 Rd8 29. Rec4 Kh7 30. Rc7 f6 31. Rxa7 Rd2 32. Rcc7 1-0

[Event "BRA-ch U14"]
[Site "Brasilia"]
[Date "2017.04.21"]
[Round "2"]
[White "Guedes, Arthur Luiz da Silv"]
[Black "Krul, Clemerson Alexandre"]
[Result "0-1"]
[WhiteElo "1755"]
[BlackElo "1897"]
[PlyCount "88"]
[EventDate "2017.04.21"]
[EventType "swiss"]
[EventRounds "6"]
[EventCountry "BRA"]
[SourceTitle "CBM 177 Extra"]
[Source "ChessBase"]
[SourceDate "2017.04.27"]
[SourceVersion "1"]
[SourceVersionDate "2017.04.27"]
[SourceQuality "1"]

1. e4 d5 2. exd5 Qxd5 3. d4 Nf6 4. Nf3 Bg4 5. Be2 e6 6. Nc3 Qd8 7. 0-0 Bd6 8. Bg5 Nbd7 9. d5 h6 10. Bxf6 Nxf6 11. dxe6 Bxe6 12. Re1 0-0 13. Qd2 a6 14. Bd3 Bc5 15. a3 Ng4 16. Ne4 Bb6 17. b4 Bd5 18. Nc5 Qd6 19. Bf5 Nf6 20. Ne5 Bxc5 21. bxc5 Qxc5 22. Bd7 Qd6 23. Bh3 Rfe8 24. Qc3 Ne4 25. Qd3 Rxe5 26. f3 Ng5 27. Bg4 Rxe1+ 28. Rxe1 Be6 29. Qe2 Bxg4 30. fxg4 Rd8 31. Rd1 Qxd1+ 32. Qxd1 Rxd1+ 33. Kf2 Rd2+ 34. Ke3 Rxc2 35. h4 Ne6 36. Kf3 c5 37. a4 c4 38. Ke3 c3 39. Kd3 Rc1 40. g3 Nc5+ 41. Ke2 Rc2+ 42. Kd1 Rh2 43. h5 Nd3 44. a5 c2# 0-1